000 01459cam a22003857a 4500
003 CHAP
005 20220817043055.0
008 971010s1978 r 00010 d
010 _a64742
011 _a65714
035 _a72996
040 _cCHAP
082 _a631.45
_bT78
100 0 0 _aTrueba Carranza, Alejandro.
_9115363
245 0 _aEvaluación de la eficiencia de cuatro prácticas mecánicas para reducir las pérdidas de suelo y nutrimentos por erosión hídrica en terrenos agrícolas de temporal
260 _aChapingo, Méx. :
_bEl autor,
_c1978
300 _a190 h.
_b: ilus. ; gráfs.
500 _aPresentado originalmente como tesis
590 _aBATCH-UPD
_b10
_c20130110
_lUCH01
_h1034
590 _aBATCH-UPD
_b10
_c20130410
_lUCH01
_h0635
590 _aBATCH-UPD
_b10
_c20130913
_lUCH01
_h2150
590 _aCONVERSION
_b10
_c20130109
_lUCH01
_h1335
650 4 _aErosión hídrica.
650 1 4 _aAgricultura de temporal.
_91999
650 1 4 _aMaíz
_xRendimiento.
_971051
650 1 4 _aSuelos
_xConservación.
_9110283
650 1 4 _aSuelos
_xElementos minerales.
_9110356
650 1 4 _aTerrazas.
_9112392
901 _aBK
942 _cLIBRO
949 _a631.45 T78
_bBC
_cLIBRO
_d33724000562278
_eLIBRO
_h60746
_i72996
_si
949 _a631.45 T78
_bBC
_cLIBRO
_d33724000562294
_eLIBRO
_fc.3
_h60748
_i72996
_si
949 _a631.45 T78
_bBC
_cLIBRO
_d33724002054108
_eLIBRO
_fc.2
_h60747
_i72996
_si
949 _bCR
_cTESBD
_d-5750
_eTS1
_h42
_i72996
_si
999 _c64742
_d64742